000 00343 a2200121 4500
001 ART_43484
005 20260410162024.0
008 260409a
245 1 0 _aSpace and unemployment
100 1 _aBrueckner, Jan k.
700 1 _aZenou, Yves
773 0 _tJournal of labor economics
_g- Vol. 21, NÂș 1 (ene. 2003)
_wREV43438
999 _c33404
_d33404